000
00279nam a22001217a 4500
003
SGT
082
_a
617.96
_b
U17D
100
_a
DORSCH, JERRY A.
245
_a
UNDERSTANDING ANESTHESIA EQUIPMENT
260
_a
INDIA
_b
WOLTER KLUWER
_c
2017
300
_a
1036
942
_2
ddc
_c
BK
_0
5
999
_c
14826
_d
14826